Process Design, Integration, and Intensification (Record no. 31987)

MARC details
000 -LEADER
fixed length control field 01071nam a2200121Ia 4500
008 - FIXED-LENGTH DATA ELEMENTS--GENERAL INFORMATION
fixed length control field 220620s9999||||xx |||||||||||||| ||und||
100 ## - MAIN ENTRY--PERSONAL NAME
Personal name Foo, Dominic||El-Halwagi, Mahmoud
245 #0 - TITLE STATEMENT
Title Process Design, Integration, and Intensification
546 ## - LANGUAGE NOTE
Language note English[eng]
650 ## - SUBJECT ADDED ENTRY--TOPICAL TERM
Topical term or geographic name entry element input shaping||n/a||integrating||flexibility index||breakthrough||mixing||membrane distillation||regulatory||utilisation index||experimental||underdamped||PMPS particles||EDCs||phytomedicines||natural products||reactive distillation||optimisation||optimization||multiple steady state||steady state simulation||design||CFD-simulation||manufacturing||compartmental modeling||energy||surrogate-based optimization||adsorption||feasible operating range analysis||model order reduction||competing reaction system||desalination||extraction||water||mathematical programming||graphical approach||hydraulic fracturing||unstable||humidification||reaction conversion||dehumidification||TAME synthesis||fixed-bed column||predictive control
856 ## - ELECTRONIC LOCATION AND ACCESS
Uniform Resource Identifier <a href="https://mdpi.com/books/pdfview/book/1321">https://mdpi.com/books/pdfview/book/1321</a>
942 ## - ADDED ENTRY ELEMENTS (KOHA)
Koha item type E-Books
Holdings
Withdrawn status Lost status Damaged status Not for loan Home library Current library Date acquired Total Checkouts Date last seen Price effective from Koha item type
        Kerala University of Digital Sciences, Innovation and Technology Knowledge Centre Kerala University of Digital Sciences, Innovation and Technology Knowledge Centre 20/06/2022   20/06/2022 20/06/2022 E-Books